Investigación de mercados (Registro nro. 2893)

Detalles MARC
000 -LEADER
fixed length control field 02050 a2200253 4500
001 - CONTROL NUMBER
control field 38527
005 - DATE AND TIME OF LATEST TRANSACTION
control field 20260407155648.0
008 - FIXED-LENGTH DATA ELEMENTS--GENERAL INFORMATION
fixed length control field 260407a1979 arg spa d
003 - CONTROL NUMBER IDENTIFIER
control field AR-UNSa-BCEJYS
040 ## - CATALOGING SOURCE
Original cataloging agency AR-UNSa-BCEJYS
Language of cataloging spa
Transcribing agency AR-UNSa-BCEJYS
080 ## - UNIVERSAL DECIMAL CLASSIFICATION NUMBER
Universal Decimal Classification number 658.8.012.12
Common auxiliary subdivision Investigación de mercados
020 ## - INTERNATIONAL STANDARD BOOK NUMBER
International Standard Book Number 968-451-169-8
100 1# - MAIN ENTRY--PERSONAL NAME
Personal name Kinnear, Thomas C.
245 10 - TITLE STATEMENT
Title Investigación de mercados
264 #1 - PRODUCTION, PUBLICATION, DISTRIBUTION, MANUFACTURE, AND COPYRIGHT NOTICE
Place of production, publication, distribution, manufacture México :
Name of producer, publisher, distributor, manufacturer McGraw-Hill
Date of production, publication, distribution, manufacture, or copyright notice 1979
300 ## - PHYSICAL DESCRIPTION
Extent 740 p.
Dimensions 23 cm.
505 ## - FORMATTED CONTENTS NOTE
Formatted contents note 1. Naturaleza y papel que desempeñe a la investigación de mercado - 2. Sistema de investigación de mercado - 3. Ejemplo de investigación de mercado - 4. El negocio de la investigación de mercado - 5. La decisión para llevar a cabo la investigación - 6. Modelo de investigación y fuentes de información - 7. Información secundaria - 8. Fundamentos del muestreo - 9. Muestreo aleatorio simple - 10. Procedimientos más complejos de muestreo - 11. Aspectos prácticos de muestreo: error no muestreal y tamaño de la muestra - 12. El proceso de la medición - 13. Medición de actitudes - 14. Principios de experimentación y cuasi-experimentación: la búsqueda de la causalidad - 15. Fundamentos del diseño de experimentos - 16. Experimentos de diseño mas complejo - 17. Mercadeo de prueba - 18. Métodos de recopilación de información - 19. Diseño de formas para la recolección de información - 20. Operaciones de campo - 21. Procesamiento de la información - 22. Análisis de información univariada - 23. Análisis de información bivariada - 24. Informe sobre los hallazgos de la investigación - 25. Análisis de información multivariado: Métodos de interdependencia - 26. Análisis de información multivariado:II Métodos de dependencia - 27. Un enfoque de la teoría de la decisión sobre la investigación de mercados.
590 ## - LOCAL NOTE (RLIN)
Local note niveau_biblio:m niveau_hierar:0
700 1# - ADDED ENTRY--PERSONAL NAME
Personal name Taylor, James R.
700 1# - ADDED ENTRY--PERSONAL NAME
Personal name Ciardell Fadul, Giovanny
700 1# - ADDED ENTRY--PERSONAL NAME
Personal name Kresge, Sebastian S.
700 1# - ADDED ENTRY--PERSONAL NAME
Personal name Ferro, Alvaro Franco
942 ## - ADDED ENTRY ELEMENTS (KOHA)
Koha item type
Existencias
Withdrawn status Lost status Damaged status Not for loan Home library Current library Shelving location Date acquired Total checkouts Full call number Barcode Date last seen Price effective from Koha item type
        Biblioteca Prof. Eusebio Cleto del Rey Biblioteca Prof. Eusebio Cleto del Rey   07/04/2026   658.8.012.12 K51 L45044 07/04/2026 07/04/2026 Libro